Amendments and additions to the statutory rules under Andhra Pradesh panchayat samithis and zilla parishads act, 1956 (Record no. 488548)

000 -LEADER
fixed length control field 00426cam a22001097a 4500
008 - FIXED-LENGTH DATA ELEMENTS--GENERAL INFORMATION
fixed length control field 180718b1961 xxu||||| |||| 00| 0 eng d
082 ## - DEWEY DECIMAL CLASSIFICATION NUMBER
Classification number B71103x5451 An24/1959 ra
100 ## - MAIN ENTRY--PERSONAL NAME
Personal name Andhra Pradesh. Planning and Local Administration Department
245 ## - TITLE STATEMENT
Title Amendments and additions to the statutory rules under Andhra Pradesh panchayat samithis and zilla parishads act, 1956
260 ## - PUBLICATION, DISTRIBUTION, ETC.
Place of publication, distribution, etc. Hyderabad
Name of publisher, distributor, etc. The author
Date of publication, distribution, etc. 1961
300 ## - PHYSICAL DESCRIPTION
Extent 29p.
Holdings
Withdrawn status Lost status Damaged status Not for loan Permanent Location Current Location Date acquired Full call number Barcode Date last seen Price effective from Koha item type
        Indian Institute of Public Administration Indian Institute of Public Administration 2018-08-04 B71103x5451 An24/1959 ra GG15827 2018-08-04 2018-08-04 GG

Powered by Koha